00587nam a2200193 a 4500001001300000003000900013005001700022008004100039020002300080082001300103100002500116245008400141260004400225300001000269500003500279505002900314650002500343700002500368nice12345678IN_TiNIC20260116014726.0140130s2012 lona grp 000 0 eng  a019807851X c69500a306bFAR aFarooqi, Mehr Afshan aPost Colonial Mindb Urdu Culture, Islam and Modernity in Muhammad Hasan Askari aLondan bOxford University Press c2012 a319p  aincludes index and biblioraphy2 anotes, appendices, index aPost Colonial Theory1 aFarooqi, Mehr Afshan